| 000 | 00581nam a2200181Ia 4500 | ||
|---|---|---|---|
| 999 |
_c18518 _d18518 |
||
| 082 | _aRR.0003 | ||
| 100 | _aRath, Gopal C. | ||
| 245 | 0 | _aProblems of Oriya migrant workers : A study of Dadan labour :A pilot study | |
| 260 |
_c1988 _bICSSR, New Delhi |
||
| 300 | _a98p. | ||
| 650 | _aMIGRANT LABOUR - ORISSA | ||
| 650 | _aDADAN SYSTEM | ||
| 650 | _aRURAL POOR - ORISSA | ||
| 650 | _aEMPLOYMENT AND UNEMPLOYMENT, RURAL - ORISSA | ||
| 700 | _aPatro, Guru Charan | ||
| 710 | _aBerhampur University, P.G.Department of Industrial Relations and Labour Welfare | ||
| 942 |
_cRP _2ddc |
||